Imaging of Prosthetic Joints A Combined Radiological and Clinical Perspective /

An increasing percentage of the population has at least one prosthetic joint. Imaging is required for both initial assessment and routine follow-up of the implant, and this book is intended as an informative and up-to-date guide to the subject. After an introductory section covering a range of backg...

Full description

Bibliographic Details
Corporate Author: SpringerLink (Online service)
Other Authors: Albanese, Carlina V. (Editor), Faletti, Carlo (Editor)
Format: Electronic eBook
Language:English
Published: Milano : Springer Milan : Imprint: Springer, 2014.
Subjects:
Online Access:Full Text via HEAL-Link
LEADER 03432nam a22004575i 4500
001 978-88-470-5483-7
003 DE-He213
005 20151204165133.0
007 cr nn 008mamaa
008 131121s2014 it | s |||| 0|eng d
020 |a 9788847054837  |9 978-88-470-5483-7 
024 7 |a 10.1007/978-88-470-5483-7  |2 doi 
040 |d GrThAP 
050 4 |a R895-920 
072 7 |a MMPH  |2 bicssc 
072 7 |a MMP  |2 bicssc 
072 7 |a MED008000  |2 bisacsh 
082 0 4 |a 616.0757  |2 23 
245 1 0 |a Imaging of Prosthetic Joints  |h [electronic resource] :  |b A Combined Radiological and Clinical Perspective /  |c edited by Carlina V. Albanese, Carlo Faletti. 
264 1 |a Milano :  |b Springer Milan :  |b Imprint: Springer,  |c 2014. 
300 |a XII, 185 p. 82 illus., 48 illus. in color.  |b online resource. 
336 |a text  |b txt  |2 rdacontent 
337 |a computer  |b c  |2 rdamedia 
338 |a online resource  |b cr  |2 rdacarrier 
347 |a text file  |b PDF  |2 rda 
505 0 |a SECTION I Cellular elements, bone matrix, bone remodeling, osseointegration, implant material -- 1 Bone cells -- 2 Bone matrix proteins and mineralization process -- 3 Bone remodeling -- 4 Biomechanics and prosthetic osseointegration -- 5 Implant material -- SECTION II  Images techniques, conventional RX, TC, RM, bone scintigraphy, periprosthetic DXA -- 6 Role of conventional RX, CT and MRI in the evaluation of prosthetic joints -- 7 Role of Nuclear Medicine in prosthesis surveillance -- 8 Periprosthetic DXA -- SECTION III  Prosthetic joints of foot and ankle, hip, knee, shoulder, elbow, wrist and hand -- 9 Foot and ankle -- 10 Hip -- 11 Knee -- 12 Shoulder arthroplasty -- 13 Prosthetic joints of elbow, wrist and hand -- SECTION IV Drug therapy, bisphosphonate, teriparatide and parathormone, strontium ranelate -- 14 Drug therapy after implant -- 15 TBD- post surgery rehabilitation. 
520 |a An increasing percentage of the population has at least one prosthetic joint. Imaging is required for both initial assessment and routine follow-up of the implant, and this book is intended as an informative and up-to-date guide to the subject. After an introductory section covering a range of background topics, the level of information offered by different imaging techniques in presurgical planning and postimplantation assessment is analyzed. The application of imaging to different joints is then carefully explored in chapters devoted to the foot and ankle, hip, knee, shoulder, and elbow, wrist and hand. In addition, two innovative chapters focus on periprosthetic DXA as the gold standard in monitoring implant survival and on the role of drug therapy in helping to ensure the durability of the prosthesis. A central feature of the book is its combination of the clinical and radiological perspectives; it will be of value to radiologists and orthopedic specialists, as well as residents in these disciplines. 
650 0 |a Medicine. 
650 0 |a Radiology. 
650 0 |a Orthopedics. 
650 1 4 |a Medicine & Public Health. 
650 2 4 |a Imaging / Radiology. 
650 2 4 |a Orthopedics. 
700 1 |a Albanese, Carlina V.  |e editor. 
700 1 |a Faletti, Carlo.  |e editor. 
710 2 |a SpringerLink (Online service) 
773 0 |t Springer eBooks 
776 0 8 |i Printed edition:  |z 9788847054820 
856 4 0 |u http://dx.doi.org/10.1007/978-88-470-5483-7  |z Full Text via HEAL-Link 
912 |a ZDB-2-SME 
950 |a Medicine (Springer-11650)